Flags of the World in alphabetical order - Statistics

General Stats
  • This quiz has been taken 27 times
  • The average score is 123 of 196
Answer Stats
Picture Answer % Correct
Afghanistan
95%
Albania
91%
Algeria
91%
Andorra
91%
Angola
91%
Antigua
91%
Argentina
91%
Armenia
91%
Australia
91%
Austria
91%
Azerbaijan
91%
Bangladesh
91%
Barbados
91%
Belgium
91%
Brazil
91%
Bulgaria
91%
Bahamas
86%
Bahrain
86%
Belarus
86%
Belize
86%
Bhutan
86%
Bosnia and Herzegovina
86%
Botswana
86%
Brunei
86%
Benin
82%
Burkina Faso
82%
Cambodia
82%
Cameroon
82%
Canada
82%
Chad
82%
China
82%
Colombia
82%
Bolivia
77%
Burma
77%
Burundi
77%
Central African Republic
77%
Chile
77%
Comoros
73%
Costa Rica
73%
Croatia
68%
Cyprus
68%
Czechia
68%
Democratic Republic of the Congo
68%
Denmark
68%
Dominican Republic
68%
Ecuador
68%
Egypt
68%
Ethiopia
68%
Fiji
68%
Finland
68%
France
68%
Cuba
64%
Djibouti
64%
Dominica
64%
El Salvador
64%
Eritrea
64%
Estonia
64%
Eswatini
64%
Georgia
64%
Germany
64%
Ghana
64%
Greece
64%
Guatemala
64%
Iceland
64%
India
64%
Indonesia
64%
Ireland
64%
Israel
64%
Italy
64%
Jamaica
64%
Japan
64%
Jordan
64%
Kazakhstan
64%
Kenya
64%
Kosovo
64%
Kyrgyzstan
64%
Lebanon
64%
Lesotho
64%
Libya
64%
Luxembourg
64%
Madagascar
64%
Malaysia
64%
Mali
64%
Malta
64%
Mexico
64%
Monaco
64%
Grenada
59%
Guinea
59%
Guinea-Bissau
59%
Guyana
59%
Haïti
59%
Honduras
59%
Hungary
59%
Iran
59%
Iraq
59%
Kiribati
59%
Laos
59%
Liberia
59%
Liechtenstein
59%
Lithuania
59%
Malawi
59%
Marshall Islands
59%
Mauritania
59%
Mauritius
59%
Moldova
59%
Montenegro
59%
Nepal
59%
Netherlands
59%
New Zealand
59%
Niger
59%
Nigeria
59%
North Korea
59%
North Macedonia
59%
Norway
59%
Pakistan
59%
Panama
59%
Papua New Guinea
59%
Philippines
59%
Poland
59%
Portugal
59%
Qatar
59%
Romania
59%
Russia
59%
Rwanda
59%
Saudi Arabia
59%
Senegal
59%
Singapore
59%
Slovakia
59%
Slovenia
59%
Somalia
59%
South Africa
59%
South Sudan
59%
Spain
59%
Sri Lanka
59%
Sweden
59%
Switzerland
59%
Syria
59%
Cabo Verde
55%
Gabon
55%
Latvia
55%
Maldives
55%
Micronesia
55%
Mongolia
55%
Morroco
55%
Mozambique
55%
Nicaragua
55%
Palau
55%
Paraguay
55%
Peru
55%
Saint Lucia
55%
Samoa
55%
San Marino
55%
Serbia
55%
Seychelles
55%
Suriname
55%
Taiwan
55%
Thailand
55%
Turkey
55%
Turkmenistan
55%
Uganda
55%
Ukraine
55%
United Arab Emirates
55%
United Kingdom
55%
United States
55%
Uruguay
55%
Uzbekistan
55%
Vatican
55%
Venezuela
55%
Vietnam
55%
Yemen
55%
Oman
50%
Saint Kitts and Nevis
50%
Saint Vincent and the Grenadines
50%
Sierra Leone
50%
Sudan
50%
Tanzania
50%
Togo
50%
Trinidad and Tobago
50%
Tunisia
50%
Tuvalu
50%
Zambia
50%
Zimbabwe
50%
Equatorial Guinea
45%
Namibia
45%
Nauru
45%
Republic of the Congo
45%
Sao Tome and Principe
45%
Tajikistan
45%
Tonga
45%
Vanuatu
45%
Solomon Islands
41%
Timor-Leste
41%
Republic of Korea
27%
Ivory Cost
5%
Kuweit
5%
Gambie
0%
No matching quizzes found
Score Distribution
Percent of People with Each Score
Percentile by Number Answered
Your Score History
You have not taken this quiz